Most Recurring 'Hollywood Squares' Quiz Stats

 Plays Quiz not verified by Sporcle

Challenge
Share
Tweet
Embed
Score 0/25 Timer 05:00
0 Plays Today
# of Appearances Celebrity Square % Correct
675Whoopi Goldberg
91.4%
40Judy Gold
71.7%
40Ellen Degeneres
54.4%
107Kathy Griffin
53.5%
55John Ritter
43.1%
355Caroline Rhea
43%
284Brad Garrett
41.7%
45Jason Alexander
39.1%
40Coolio
32.1%
80Doris Roberts
32%
415Bruce Vilanch
24.9%
65Joan Rivers
24.9%
425Martin Mull
17.9%
# of Appearances Celebrity Square % Correct
55Robert Wuhl
16.7%
355Gilbert Gottfried
12.1%
55Debra Jo Rupp
11.1%
90Vivica A. Fox
10.4%
45Jackée Harry
8.4%
68Rita Rudner
3.5%
46Charo
3.5%
40Kennedy
2.6%
40Michael Badalucco
2.1%
50Dyan Cannon
1.8%
40Gena Lee Nolin
1.6%
75George Wallace
1.5%

You're not logged in!

Compare scores with friends on all Sporcle quizzes.
OR
Log In

You Might Also Like...

Show Comments

Extras

Top Quizzes Today


Score Distribution

Your Account Isn't Verified!

In order to create a playlist on Sporcle, you need to verify the email address you used during registration. Go to your Sporcle Settings to finish the process.

Report this User

Report this user for behavior that violates our Community Guidelines.

Details: